Statistiques concernant César du meilleur acteur

Cliquez ici pour prendre le quiz!

Statistiques générales

  • Ce quiz a été pris 231 fois
  • Le résultat moyen est 20 sur 39

Statistiques - réponses

AnneeActeur% Correct
1981Gérard Depardieu
92%
1991Gérard Depardieu
92%
2012Omar Sy
78%
1985Alain Delon
75%
1976Philippe Noiret
68%
1990Philippe Noiret
68%
1978Jean Rochefort
67%
1989Jean-Paul Belmondo
65%
1996Michel Serrault
65%
1979Michel Serrault
65%
1982Michel Serrault
65%
1984Coluche
64%
1987Daniel Auteuil
60%
2000Daniel Auteuil
60%
1999Jacques Villeret
58%
2009Vincent Cassel
58%
2014Guillaume Gallienne
55%
1977Michel Galabru
55%
2007François Cluzet
52%
2013Jean-Louis Trintignant
51%
2010Tahar Rahim
49%
1998André Dussolier
46%
1995Gérard Lanvin
45%
2008Mathieu Amalric
45%
2005Mathieu Amalric
45%
1980Claude Brasseur
43%
2002Michel Bouquet
42%
2006Michel Bouquet
42%
1994Pierre Arditi
39%
1988Richard Bohringer
39%
1993Claude Rich
36%
1997Philippe Torreton
35%
2003Adrien Brody
33%
1992Jacques Dutronc
33%
1986Christophe Lambert
31%
2011Éric Elmosnino
29%
1983Philippe Léotard
27%
2004Omar Sharif
26%
2001Sergi Lopez
26%

Distribution des résultats

Percentile par nombre de réponses

% des personnes avec chaque résultat

Votre développement - résultats

Vous n’avez pas pris ce quiz